000 00491 a2200157 4500
999 _c1949
_d1949
020 _a9788120310131
050 _aHG176.7 MAR 2013
100 _aMarshall., John
245 _aFinancial engineering:
_ba complete guide to financial innovation.,
_cJohn F Marshall and Vipul K Bansal
264 _aNew Delhi:
_bPHI Learning private limited.,
_c2013
300 _axxvi.,728 pgs
500 _alncludes index
650 _aFinance
700 _aVipul K Bansall
942 _2lcc
_cBK
_h176.7
_iMAR
_kHG